000 nam a22 7a 4500
999 _c139705
_d139703
005 20180411124522.0
008 180411b sp ||||| |||| 00| 0 spa d
020 _a8476157975
050 0 4 _aSF757.8
_bR33 1992
245 0 0 _aRadiodiagnóstico de pequeños animales
_c / A. Agut Gimenez...[et al.].
250 _a1a.
260 _aEspaña :
_bInteramericana,
_bMcGraw-Hill,
_c1992
300 _axi, 326 p :
_bil ;
_c25 cm.
650 7 _2Lemb
_aRadiografía veterinaria
_xMedicina veterinaria
650 7 _aRadiología veterinaria
_xMedicina veterinaria
700 1 _aAgut Gimenez, A.,
_eautor.
700 1 _aSánchez-Valverde, M. A.,
_eautor.
700 1 _aLasaosa, J. M.,
_eautor.
700 1 _aLaredo, F. G.,
_eautor.
942 _2lcc
_cLIB